[Event "Gelsenkirchen Silvester op 5th"]
[Site "Gelsenkirchen"]
[Date "2017.12.29"]
[Round "5"]
[White "Schaeufele, Joerg"]
[Black "Hartjes, Jenny"]
[Result "1/2-1/2"]
[WhiteElo "1701"]
[BlackElo "1544"]
[PlyCount "26"]
[EventDate "2017.12.27"]
[EventType "swiss"]
[EventRounds "5"]
[EventCountry "GER"]
[SourceTitle "CBM 182 Extra"]
[Source "ChessBase"]
[SourceDate "2018.02.23"]
[SourceVersion "1"]
[SourceVersionDate "2018.02.23"]
[SourceQuality "1"]

1. e4 c5 2. d4 cxd4 3. c3 dxc3 4. Nxc3 Nc6 5. Nf3 e6 6. a3 a6 7. Bc4 d6 8. 0-0 Nf6 9. Qe2 Be7 10. Rd1 Qc7 11. Bf4 0-0 12. e5 dxe5 13. Nxe5 Bd6 1/2-1/2

[Event "Ulm/Neu Ulm-ch"]
[Site "Ulm/Neu Ulm"]
[Date "2009.10.16"]
[Round "3"]
[White "Andritzke, Karl Heinz"]
[Black "Schaeufele, Joerg"]
[Result "0-1"]
[WhiteElo "1414"]
[BlackElo "1705"]
[PlyCount "143"]
[EventDate "2009.09.18"]
[EventType "swiss"]
[EventRounds "5"]
[EventCountry "GER"]
[SourceTitle "EXT 2011"]
[Source "ChessBase"]
[SourceDate "2010.11.26"]
[SourceVersion "1"]
[SourceVersionDate "2010.11.26"]
[SourceQuality "1"]

1. Nf3 Nf6 2. c4 c5 3. Na3 Nc6 4. d3 g6 5. g3 Bg7 6. Bg2 0-0 7. 0-0 d6 8. Nc2 Ng4 9. h3 Nge5 10. a3 Nxf3+ 11. exf3 Bd7 12. Rb1 Qc8 13. g4 f5 14. Re1 Rf7 15. Ne3 Qf8 16. g5 f4 17. Nd5 e5 18. b4 cxb4 19. axb4 Be6 20. Nc3 Nd4 21. Ba3 Qe8 22. Ne4 Qd7 23. Kh2 Bf5 24. b5 Bxe4 25. dxe4 Qd8 26. Rg1 Qxg5 27. Bxd6 Rd7 28. c5 b6 29. Bf1 Qh5 30. Bc4+ Kh8 31. Rg4 Rc8 32. c6 Rxd6 33. Bd5 Ne6 34. Ra1 Ng5 35. h4 Rc7 36. Kg2 Ne6 37. Ra3 g5 38. Qh1 Bf6 39. hxg5 Qxh1+ 40. Kxh1 Nxg5 41. Kg2 Kg7 42. Ra1 h5 43. Rh4 Kg6 44. Rah1 Rh7 45. Rxh5 Rxh5 46. Rxh5 Ne6 47. Bxe6 Rxe6 48. c7 Re8 49. Rh1 Rc8 50. Rc1 Kf7 51. Rc6 Ke7 52. Kh3 Bh8 53. Kg4 Kd7 54. Kf5 Rxc7 55. Rh6 Bg7 56. Rh7 Kd6 57. Kg6 Kc5 58. Rxg7 Rxg7+ 59. Kxg7 Kxb5 60. Kf6 a5 61. Kxe5 a4 62. Kxf4 a3 63. e5 a2 64. Kf5 a1Q 65. f4 Kc6 66. Kf6 Kd7 67. f5 Ke8 68. f4 b5 69. Ke6 Qa6+ 70. Kd5 Qb7+ 71. Kd6 Qd7+ 72. Kc5 0-1